000 00955nam0a22002651 4500
001 rc\1104534
005 20260407030059.0
035 _a(NLR Aleph) 006349422
090 _a4785449
_c4785449
100 _a20041126d1982 |||y0rusy50 ca
101 0 _arus
102 _aRU
105 _aa |||||||||
200 1 _aОгни Донбасса
_eНауч.-попул. очерки истории произв. энерг. об-ния "Донбассэнерго"
210 _aДонецк
_cДонбас
_d1982
215 _a71 с., 4 л. ил.
_d16
225 1 _aИстория фабрик и заводов
300 _aНа обл. авт. не указан
700 1 _aСемешко
_bН.С.
_gНиколай Степанович
712 0 2 _a"Донбассэнерго", об-ние
_cДонецк
_3RU\NLR\AUTH\8810011930
_9521620
801 0 _aRU
_bNLR
_gpsbo
801 1 _aRU
_bELAR
_2rusmarc
852 _aNLR
_j82-2/1575
942 _cBOOK
980 _aNB